000 02000nam a22003375i 4500
001 SSB064464
005 20140927093510.0
008 130802s2014 cau 000 0 eng
010 _a2013946899
020 _a9781446275894 (pbk.)
040 _aDLC
_beng
_erda
_cDLC
042 _apcc
050 _aLB 1028
_b.B388 2014
100 1 _aBecker, Lucinda.
245 1 0 _aPresenting your research :
_bconferences, symposiums, poster presentations and beyond /
_cLucinda Becker.
260 _aLondon :
_bSAGE Publication Ltd.,
_cc2014.
263 _a1402.
300 _aviii, 147 pages :
_billustrations ;
_c24 cm.
440 _aSuccess in research.
500 _aIncludes index.
505 0 _aOne. Introduction -- Two..When and where should I give a paper? -- Three..Calls for papers: how the conference system works -- Four..Preparing an abstract/outline/synopsis -- Five..Conference paper or presentation? -- Six..Choosing material for an event -- Seven..Preparing your material -- Eight..Presentation aids -- Nine..Preparing to present -- Ten..Delivering your material -- Eleven..Using your nerves -- Twelve..Handling questions -- Thirteen..Poster presentations -- Fourteen..Making the most of the presentation opportunity.
520 _aFor many researchers, the need to present relevant and engaging material in the most effective way in an unfamiliar setting presents a potential barrier to their success as professionals. This handy guide tackles the obstacles to effective and successful presentations, considering the range of material which might be presented, the occasions which suit different types of material and the skills needed to present research in a way that is engaging and persuasive.
546 _aText in English.
650 0 _aEducation
_xResearch.
650 0 _aCommunication in education.
650 0 _aTechnical writing.
650 0 _aAcademic writing
_xPublishing.
650 0 _aAuthorship
_xMarketing.
650 0 _aPublic speaking.
942 _2lcc
_cBK
999 _c275911
_d275911